| 000 | 00429nam a2200169 i 4500 | ||
|---|---|---|---|
| 001 | bg | ||
| 100 | 1 | _aTEMNIKOV, F. E. | |
| 245 | 0 |
_aPodstawy techniki informacyjnej / _cF.E. Temnikov, V.A. Afonin, V.I. Dmitriev. |
|
| 260 |
_aWarszawa, _c1974. |
||
| 700 | 1 | _aAFONIN, V. A. | |
| 700 | 1 | _aDMITRIEV, V. I. | |
| 040 | _cBPK | ||
| 041 | _apol | ||
| 080 | _a681.3:007 | ||
| 942 | _cKS | ||
| 008 | s pl f |000 0 pol | ||
| 999 |
_c26524 _d26524 |
||
| 856 |
_uhttp://koha.tu.koszalin.pl/cgi-bin/koha/opac-detail.pl?biblionumber=26524 _yKatalog online BPK |
||